000 00356nam a2200157Ia 4500
008 160316s1985 xxu||||| |||| 00| 0 eng d
082 _a823.000000
_bLER
100 _aLeroux Gaston
245 _aThe Phantom of the opera
250 _a
260 _a
_bVirgin
_c1985
300 _a265p
_b
_c
365 _b Rs. 90
650 _a1. Fiction
700 _a
_a
999 _c33354
_d33354